000 00663nam a2200193Ii 4500
003 JO-AjNU
008 230605s9999||||xx |||||||||||||| ||und||
040 _aJO-AjNU
_bara
_erda
_cJO-AjNU
041 _aara
050 1 4 _aQA309.S35 1986
100 3 _aالسامرائي ، خالد احمد,
_eauthor
_938783
245 0 0 _aطرق حل المعادلات التفاضلية
264 3 1 _aبغداد:وزارة التعليم البحث العلمي ،1986
300 _a208ص
336 _atext
_btxt
_2rdacontent
337 _aunmediated
_bn
_2rdamedia
338 _avolume
_bnc
_2rdacarrier
650 4 _aالجبر-الحسابات-الرياضيات
_938784
999 _aA16323
_c19891
_d19891